| 000 | 01302nam a2200301 i 4500 | ||
|---|---|---|---|
| 003 | DO-SdBNP | ||
| 005 | 20260513101540.0 | ||
| 007 | ta | ||
| 008 | 260513e2025 dr ao||gr|||||||| p|spa d | ||
| 020 | _a9789945518870 | ||
| 040 |
_aDO-SdBNP _bspa _cBNPHU _erda |
||
| 041 | _aspa | ||
| 082 |
_bOz99a 2025 _222 |
||
| 100 |
_aOzuna, Margarita _d1960 - _979843 _eautor |
||
| 245 |
_aAntología poética : _bun canto a Pedro Mir / _cMargarita Ozuna. cuidado de texto: Dania Victoria Figueroa. |
||
| 264 |
_aSanto Domingo, República Dominicana : _bPublicaciones Libertad, _c2025. |
||
| 300 |
_a107 páginas : _bilustraciones, fotografías ; _c21 x 14 cm. |
||
| 336 |
_atexto _btxt _2rdacontent |
||
| 337 |
_asin mediación _bn _2rdamedia |
||
| 338 |
_avolumen _2rdacarrier _bnc |
||
| 490 | _aCreación literaria | ||
| 500 | _a100 libros para San Pedro. | ||
| 500 | _aIncluye pequeña biografía de la autora en la cubierta posterior. | ||
| 520 | _aEste libro forma parte del catálogo literario del proyecto "100 Libros para San Pedro", y está registrado en la Biblioteca Nacional Pedro Henríquez Ureña, así como en las bibliotecas locales de San Pedro de Macorís. | ||
| 650 | 0 |
_aAntología poética _949370 |
|
| 700 |
_aFigueroa, Dania Victoria _987015 _ecuidado de texto |
||
| 942 |
_2ddc _cLBS1 |
||
| 999 |
_c60728 _d60728 |
||